Nghiên cứu chuyển phần mềm nghiệp vụ Hải Quan sang kiến trúc hướng dịch vụ (Soa) : Luận văn Thạc sĩ Công nghệ Thông Tin. Chuyên ngành: Hệ thống Thông tin

Nghiên cứu kiến trúc hướng dịch vụ, Web service và ứng dụng các công nghệ này để chuyển một số chức năng báo cáo của phần mềm nghiệp vụ hải quan sang kiến trúc hướng dịch vụ hoạt động tương tự chương trình cũ nhưng có khả năng tích h...

詳細記述

保存先:
書誌詳細
第一著者: Võ, Tân Thanh
フォーマット: 図書
言語:Undetermined
出版事項: Cần Thơ Trường Đại học Cần Thơ 2010
主題:
タグ: タグ追加
タグなし, このレコードへの初めてのタグを付けませんか!
Thư viện lưu trữ: Trung tâm Học liệu Trường Đại học Cần Thơ
LEADER 01388nam a2200229Ia 4500
001 CTU_163867
008 210402s9999 xx 000 0 und d
082 |a 006.78 
082 |b Th107 
088 |a 60480104 
100 |a Võ, Tân Thanh 
245 0 |a Nghiên cứu chuyển phần mềm nghiệp vụ Hải Quan sang kiến trúc hướng dịch vụ (Soa) : 
245 0 |b Luận văn Thạc sĩ Công nghệ Thông Tin. Chuyên ngành: Hệ thống Thông tin 
245 0 |c Võ Tân Thanh ; Lê Quyết Thắng (Hướng dẫn Khoa học) 
260 |a Cần Thơ 
260 |b Trường Đại học Cần Thơ 
260 |c 2010 
520 |a Nghiên cứu kiến trúc hướng dịch vụ, Web service và ứng dụng các công nghệ này để chuyển một số chức năng báo cáo của phần mềm nghiệp vụ hải quan sang kiến trúc hướng dịch vụ hoạt động tương tự chương trình cũ nhưng có khả năng tích hợp và tái sử dụng. 
650 |a Service-oriented architecture (Computer science),Web servers,Kiến trúc hướng dịch vụ,Dịch vụ web 
650 |x Computer programs,Chương trình máy tính 
904 |i Năm 
980 |a Trung tâm Học liệu Trường Đại học Cần Thơ